000 00686nam a22002177a 4500
005 20251108172955.0
008 250721s2003 xx 000 0 ara d
082 1 4 _a616.13/ فتح
100 1 _aفتحي، شهاب الدين
245 1 0 _aضغط الدم المرتفع : الأسباب. الأعراض . المخاطر . العلاج /
264 1 _aالقاهرة :
_bدار الهلال،
_c2003.
300 _a171ص.
490 0 _aكتاب الهلال الطبي
_v40
650 1 7 _aالأمراض
650 1 7 _aأمراض الأوعية
650 1 7 _aالعلاج
650 1 7 _aضغط الدم
650 1 7 _aأمراض الدم
942 _2ddc
_cBK
999 _c93122
_d93122